Teori kekenyalan /
Saved in:
| Main Author: | |
|---|---|
| Other Authors: | , |
| Format: | Book |
| Language: | Malay |
| Published: |
Skudai
Penerbit Universiti Teknologi Malaysia (UTM)
c1997
|
| Edition: | 3rd ed. |
| Subjects: | |
| Tags: |
Add Tag
No Tags, Be the first to tag this record!
|
| LEADER | 01478nam a2200397Ia 4500 | ||
|---|---|---|---|
| 001 | vtls000007955 | ||
| 003 | MY-ArUMP | ||
| 005 | 20210731231147.0 | ||
| 008 | 120309s1997 xx 000 0 may d | ||
| 020 | |a 9835201021 (pbk) |c RM35.65 | ||
| 035 | |a (OCoLC)ocn769026799 | ||
| 039 | 9 | |a 201208291212 |b VLOAD |c 201207251303 |d VLOAD |c 201207251043 |d VLOAD |c 201207242119 |d VLOAD |y 200406181640 |z VLOAD |e MRM | |
| 040 | |a MYPMP |b may |e rda |c MYPMP | ||
| 090 | 0 | 0 | |a QA931 |b T585 1997 |d m |
| 100 | 1 | |a Timoshenko, Stephen, |d 1878 - 1972 |e author | |
| 245 | |a Teori kekenyalan / |c S. P. Timoshenko, J. N. Goodier ; penterjemah Mohd. Zubil Bahak. | ||
| 250 | |a 3rd ed. | ||
| 264 | 1 | |a Skudai |b Penerbit Universiti Teknologi Malaysia (UTM) |c c1997 | |
| 264 | 4 | |c ©1997 | |
| 300 | |a xxiv, 647 pages |b illustrations |c 23 cm. | ||
| 336 | |a text |b txt |2 rdacontent | ||
| 337 | |a unmediated |b n |2 rdamedia | ||
| 338 | |a volume |b nc |2 rdacarrier | ||
| 500 | |a Translation of : Theory of elasticity | ||
| 541 | |a USM |d 13-Oct-03 | ||
| 591 | |a KUKUM/O/03/0213 | ||
| 594 | |a 17-Nov-03 | ||
| 650 | 0 | |a Elasticity. | |
| 650 | 0 | |a Strains and stresses. | |
| 650 | 0 | |a Strength of materials. | |
| 700 | 1 | |a Goodier, J. N. |q (James Norman) | |
| 700 | 0 | |a Mohd Zubil Bahak. | |
| 942 | |2 lcc |c BK-OS | ||
| 949 | |a VIRTUAITEM |d 30000 |f 1 |x 1 |6 009914 |9 1 | ||
| 999 | |c 80933 |d 80933 | ||
| 952 | |0 0 |1 0 |2 lcc |4 0 |6 QA0931 T585 01997 M |7 0 |9 70305 |a PTSFP |b PTSFP |c 1 |d 2021-07-31 |l 0 |o QA931 T585 1997 m |p 009914 |r 2021-07-31 |t 1 |w 2021-07-31 |y BK-OS | ||